كتاب التوحيد و إثبات صفات الرب عز وجل التي و صف بها نفسه / (رقم التسجيلة. 27930)

تفاصيل مارك
000 -LEADER
fixed length control field 00673nam a22001817a 4500
005 - DATE AND TIME OF LATEST TRANSACTION
control field 20251108165434.0
008 - FIXED-LENGTH DATA ELEMENTS--GENERAL INFORMATION
fixed length control field 250721s1983 xx 000 0 ara d
082 14 - DEWEY DECIMAL CLASSIFICATION NUMBER
Classification number م/214.1/خزي
100 1# - MAIN ENTRY--PERSONAL NAME
Personal name إبن خزيمة، أبو بكر محمد بن إسحق السلمي
245 10 - TITLE STATEMENT
Title كتاب التوحيد و إثبات صفات الرب عز وجل التي و صف بها نفسه /
264 1# - PRODUCTION, PUBLICATION, DISTRIBUTION, MANUFACTURE, AND COPYRIGHT NOTICE
Place of production, publication, distribution, manufacture بيروت :
Name of producer, publisher, distributor, manufacturer دار الكتب العلميه،
Date of production, publication, distribution, manufacture, or copyright notice 1983.
300 ## - PHYSICAL DESCRIPTION
Extent 392ص
650 17 - SUBJECT ADDED ENTRY--TOPICAL TERM
Topical term or geographic name as entry element الإسلام
650 17 - SUBJECT ADDED ENTRY--TOPICAL TERM
Topical term or geographic name as entry element أصول الدين الإسلامي
700 1# - ADDED ENTRY--PERSONAL NAME
Personal name هراس، محمد خليل
Relator term مراجعة و تعليق
942 ## - ADDED ENTRY ELEMENTS (KOHA)
Source of classification or shelving scheme Dewey Decimal Classification
Koha item type مراجع
المقتنيات
حالة السحب حالة الفقدان مصدر التصنيف حالة التلف غير قابل للإعارة المكتبة الرئيسية المكتبة الحالية موقع الرف تاريخ التزويد الرقم المتسلسل Total Checkouts رقم الإستدعاء الباركود تاريخ آخر ظهور تاريخ الفاتورة نوع المادة (كوها)
    Dewey Decimal Classification   Not For Loan المكتبة المركزية المكتبة المركزية مراجع 06/07/2004 620031   م/214.1/خزي DUP-01_620031 28/07/2025 06/07/2004 مراجع
    Dewey Decimal Classification   Not For Loan المكتبة المركزية المكتبة المركزية مراجع 06/07/2004 107196   م/214.1/خزي 107196 28/07/2025 06/07/2004 مراجع
Implemented & Customized by: BBB with SCIT (Smart Chains for Information Technology)

Powered by Koha